[Event "Tourn. n8210"]
[Site "www.chess-mail.com"]
[Date "2015.07.20"]
[Round "1"]
[White "Faerieking"]
[Black "Averoes"]
[WhiteElo "2180"]
[BlackElo "2220"]
[Result "1/2-1/2"]
[Round "1"]
1.e4 c5
2.d4 cxd4
3.c3 dxc3
4.Nb1xc3 d6
5.Bf1c4 Nb8c6
6.Ng1f3 Ng8f6
7.O-O g6
8.e5 dxe5
9.Qd1xd8 Nc6xd8
10.Nc3b5 Nd8e6
11.Bc4xe6 Bc8xe6
12.Nb5c7 Kd7
13.Nc7xa8 Bf8g7
14.Nf3xe5 Kc8
15.Bc1e3 Kb8
16.Ra1c1 Kxa8
17.Rf1d1 Nf6d5
18.Be3d4 f6
19.Ne5f3 Be6f7
20.a4 e5
21.Bd4c5 b6
22.Bc5a3 Kb7
23.b4 Bg7h6
24.Rc1c2 Rh8c8
25.Rc2xc8 Kxc8
26.a5 Kc7
27.g4 Bh6f4
28.h4 h6
29.Nf3e1 { draw }
1/2-1/2

[Event "Tourn. n8147"]
[Site "www.chess-mail.com"]
[Date "2015.07.20"]
[Round "1"]
[White "Neo"]
[Black "Pariolinius"]
[WhiteElo "1730"]
[BlackElo "1880"]
[Result "1-0"]
[Round "1"]
1.d4 d5
2.e3 Ng8f6
3.Ng1f3 e6
4.Nf3e5 c5
5.Bf1b5 Nb8d7
6.O-O Bf8d6
7.c3 O-O
8.Ne5xd7 Nf6xd7
9.h3 Nd7f6
10.b4 c4
11.Bc1a3 a6
12.Bb5a4 b5
13.Ba4c2 Qd8c7
14.Nb1d2 e5
15.Ra1c1 e4
16.Bc2b1 Bc8xh3
17.gxh3 Qc7d7
18.Kg2 Qd7f5
19.f4 Qf5g6
20.Kf2 Qg6h6
21.Rf1h1 Qh6h4
22.Kf1 Nf6h5
23.Rh1h2 Nh5g3
24.Kg1 Kh8
25.Nd2f1 Ng3f5
26.Rc1c2 Qh4f6
27.Rc2g2 Nf5h4
28.Rg2g3 Nh4f3
29.Rg3xf3 exf3
30.Qd1xf3 Rf8g8
31.Qf3xd5 Ra8d8
32.Qd5e4 Rg8e8
33.Qe4f3 g5
34.Rh2g2 Re8g8
35.Qf3h5 Rg8g7
36.fxg5 Qf6e6
37.Ba3c1 Rd8g8
38.e4 Qe6g6
39.Qh5h4 Bd6e7
40.Rg2g3 Be7d8
41.Qh4g4 Qg6e6
42.Qg4h4 Qe6g6
43.d5 Bd8c7
44.Rg3g2 Bc7e5
45.Bc1d2 Qg6d6
46.a3 Be5f6
47.Bd2f4 Qd6b6
48.Nf1e3 Bf6xc3
49.e5 Bc3d4
50.Kf2 c3
51.Bb1c2 Rg8e8
52.e6 fxe6
53.g6 exd5
54.gxh7 Rg7xg2
55.Kxg2 Bd4xe3
56.Bf4xe3 Qb6xe3
57.Qh4f6 
1-0

[Event "Tourn. n8183"]
[Site "www.chess-mail.com"]
[Date "2015.07.20"]
[Round "1"]
[White "Faerieking"]
[Black "Difficult"]
[WhiteElo "2110"]
[BlackElo "2040"]
[Result "1-0"]
[Round "1"]
1.e4 Ng8f6
2.Nb1c3 e5
3.Bf1c4 Nb8c6
4.d3 d6
5.Ng1e2 Bf8e7
6.f3 O-O
7.Bc1e3 a6
8.a3 b5
9.Bc4a2 Bc8b7
10.Qd1d2 Qd8d7
11.g4 h6
12.O-O-O b4
13.Nc3d5 bxa3
14.h4 axb2
15.Kb1 Nc6d4
16.Nd5xe7 Qd7xe7
17.Ne2xd4 exd4
18.Be3xd4 c5
19.Bd4xb2 Bb7c6
20.g5 hxg5
21.hxg5 Nf6d7
22.Qd2h2 { resign }
1-0

[Event "Tourn. n8151"]
[Site "www.chess-mail.com"]
[Date "2015.07.20"]
[Round "1"]
[White "Seger"]
[Black "Korto"]
[WhiteElo "2710"]
[BlackElo "2450"]
[Result "1-0"]
[Round "1"]
1.d4 Ng8f6
2.c4 g6
3.Nb1c3 d5
4.cxd5 Nf6xd5
5.e4 Nd5xc3
6.bxc3 Bf8g7
7.Bf1c4 c5
8.Ng1e2 O-O
9.O-O Nb8c6
10.Bc1e3 cxd4
11.cxd4 Nc6a5
12.Bc4d3 e6
13.Ra1c1 b6
14.Qd1a4 Qd8e7
15.Qa4b5 Bc8d7
16.Qb5b2 Ra8c8
17.Bd3a6 Rc8xc1
18.Rf1xc1 Bd7c6
19.f3 Rf8d8
20.h3 Bc6b7
21.Ba6xb7 Na5xb7
22.e5 f6
23.f4 fxe5
24.fxe5 Rd8f8
25.Rc1c3 Nb7d8
26.Qb2c1 Qe7h4
27.Kh2 Qh4e4
28.Rc3c7 a5
29.a4 Nd8f7
30.Rc7e7 Nf7xe5
31.dxe5 Bg7xe5
32.Kh1 Qe4xa4
33.Be3h6 Rf8d8
34.Ne2g1 Qa4b5
35.Qc1g5 Qb5c5
36.Re7xe6 Rd8d5
37.Re6e8 Kf7
38.Re8f8 Qc5xf8
39.Bh6xf8 Kxf8
40.Qg5h6 Kg8
41.Qh6e3 Rd5b5
42.Qe3d3 Rb5c5
43.Qd3b3 { resign }
1-0

[Event "Tourn. n8235"]
[Site "www.chess-mail.com"]
[Date "2015.07.20"]
[Round "1"]
[White "Haukia"]
[Black "Rons"]
[WhiteElo "2240"]
[BlackElo "2540"]
[Result "1/2-1/2"]
[Round "1"]
1.e4 c5
2.Ng1f3 d6
3.Bf1b5 Bc8d7
4.Bb5xd7 Qd8xd7
5.c4 Nb8c6
6.Nb1c3 g6
7.d4 cxd4
8.Nf3xd4 Bf8g7
9.Nd4e2 Ng8f6
10.f3 O-O
11.O-O a6
12.a4 Qd7d8
13.Bc1e3 Qd8a5
14.Ra1b1 Nc6e5
15.b3 Rf8d8
16.Qd1c2 e6
17.Rf1d1 Ra8c8
18.Qc2d2 Ne5c6
19.Be3g5 Qa5c5
20.Kh1 Rd8d7
21.Bg5e3 Qc5a5
22.Be3f2 Rd7d8
23.Qd2e3 Nf6d7
24.Kg1 { draw }
1/2-1/2

[Event "Tourn. n8310"]
[Site "www.chess-mail.com"]
[Date "2015.07.20"]
[Round "1"]
[White "Mitja"]
[Black "Bojan"]
[WhiteElo "1660"]
[BlackElo "1890"]
[Result "1-0"]
[Round "1"]
1.d4 g6
2.e3 Bf8g7
3.Ng1f3 d5
4.h3 Bc8d7
5.c3 Ng8f6
6.Nb1d2 Nb8c6
7.Nd2b3 b6
8.Bf1e2 Nf6e4
9.Nf3d2 e5
10.Qd1c2 Bd7f5
11.g4 Ne4xd2
12.Qc2xd2 Bf5e6
13.f4 exf4
14.exf4 f5
15.g5 h6
16.Qd2e3 Kf7
17.Bc1d2 hxg5
18.fxg5 Qd8e7
19.h4 Qe7d6
20.O-O-O Ra8e8
21.Qe3f2 a5
22.Be2b5 Be6d7
23.Bd2f4 Qd6e7
24.Bf4xc7 Re8b8
25.Bc7xb8 Rh8xb8
26.Rh1e1 Qe7d6
27.Qf2e3 Bd7e6
28.a4 Nc6a7
29.Bb5d3 Rb8e8
30.Qe3f3 Re8h8
31.Re1h1 Qd6d7
32.h5 Rh8f8
33.hxg6 Ke7
34.Rd1e1 Kd6
35.Qf3f4 Kc6
36.Bd3c2 Kb7
37.Rh1h7 Be6g8
38.Rh7h2 Ka6
39.Bc2d3 Kb7
40.Bd3c2 Ka6
41.Rh2e2 Qd7xa4
42.Re2e7 Bg7h8
43.Qf4c7 Na7b5
44.Qc7b7 { resign }
1-0

[Event "Tourn. n8307"]
[Site "www.chess-mail.com"]
[Date "2015.07.20"]
[Round "1"]
[White "Bira47"]
[Black "Picifarkinca"]
[WhiteElo "1739"]
[BlackElo "1820"]
[Result "1-0"]
[Round "1"]
1.c4 f5
2.g3 Ng8f6
3.Bf1g2 e6
4.Nb1c3 d5
5.e3 Nf6e4
6.Nc3xe4 fxe4
7.Ng1e2 c6
8.cxd5 exd5
9.O-O Bc8g4
10.f3 exf3
11.Bg2xf3 Bg4e6
12.Ne2d4 Be6f7
13.a3 Nb8d7
14.b4 Bf8e7
15.Bc1b2 Be7f6
16.Bf3g4 Nd7e5
17.Bg4f5 Ne5c4
18.Bb2c3 Qd8e7
19.Rf1e1 O-O
20.Qd1c2 g6
21.Bf5h3 Ra8d8
22.Re1e2 Bf6g7
23.Ra1f1 Qe7e4
24.Qc2xe4 dxe4
25.Nd4e6 { resign }
1-0

[Event "Tourn. n8182"]
[Site "www.chess-mail.com"]
[Date "2015.07.20"]
[Round "1"]
[White "Julian"]
[Black "Sfalcao"]
[WhiteElo "1960"]
[BlackElo "1890"]
[Result "0-1"]
[Round "1"]
1.e4 c5
2.Ng1f3 d6
3.Bf1c4 Ng8f6
4.Qd1e2 Nb8c6
5.c3 Bc8g4
6.O-O e6
7.d3 Bf8e7
8.Nb1d2 O-O
9.h3 Bg4h5
10.g4 Bh5g6
11.Bc4b3 e5
12.d4 cxd4
13.cxd4 exd4
14.Nd2c4 Rf8e8
15.Bc1f4 Nf6xe4
16.Ra1d1 Be7h4
17.Nf3xh4 Qd8xh4
18.Qe2f3 Nc6e5
19.Nc4xe5 dxe5
20.Bf4h2 Ne4g5
21.Qf3xb7 Bg6e4
22.Bb3xf7 Kh8
23.Qb7b3 Ng5xh3
24.Qb3xh3 Qh4xh3
25.f3 Be4xf3
26.Rd1d2 Re8e7
27.Bf7c4 Qh3xg4
28.Kf2 Ra8f8
{ resign }
0-1

[Event "Tourn. n8182"]
[Site "www.chess-mail.com"]
[Date "2015.07.20"]
[Round "1"]
[White "Julian"]
[Black "Hrob71"]
[WhiteElo "1960"]
[BlackElo "2050"]
[Result "1-0"]
[Round "1"]
1.e4 e5
2.Ng1f3 Nb8c6
3.Bf1b5 Nc6d4
4.Nf3xd4 exd4
5.O-O c6
6.Bb5e2 d6
7.d3 Ng8f6
8.c3 dxc3
9.Nb1xc3 Bf8e7
10.Bc1e3 O-O
11.f4 Bc8e6
12.d4 d5
13.f5 Be6d7
14.e5 Nf6e4
15.Nc3xe4 dxe4
16.f6 gxf6
17.Be3h6 Rf8e8
18.Be2c4 Bd7e6
19.Bc4xe6 fxe6
20.Qd1g4 { resign }
1-0

[Event "Tourn. n8290"]
[Site "www.chess-mail.com"]
[Date "2015.07.20"]
[Round "1"]
[White "Sonivano"]
[Black "Libiesse"]
[WhiteElo "2300"]
[BlackElo "2020"]
[Result "1-0"]
[Round "1"]
1.e4 c5
2.Ng1f3 e6
3.d4 cxd4
4.Nf3xd4 Nb8c6
5.Bf1c4 Bf8c5
6.Bc1e3 Qd8b6
7.Nd4b5 Bc5xe3
8.fxe3 Nc6e5
9.Bc4e2 Ng8f6
10.Qd1d4 Qb6a5
11.b4 Ne5c6
12.bxa5 Nc6xd4
13.exd4 Kd8
14.Nb1c3 Ke7
15.e5 Nf6e8
16.Nc3e4 a6
17.Nb5d6 Ra8b8
18.O-O b5
19.Rf1xf7 Kd8
20.Ra1f1 { resign }
1-0

[Event "Tourn. n8275"]
[Site "www.chess-mail.com"]
[Date "2015.07.20"]
[Round "1"]
[White "Goodwill"]
[Black "Iko"]
[WhiteElo "1499"]
[BlackElo "1480"]
[Result "1-0"]
[Round "1"]
1.d4 d5
2.c4 Ng8f6
3.cxd5 Nf6xd5
4.e4 Nd5f4
5.Bc1xf4 Nb8c6
6.Ng1f3 Bc8g4
7.d5 Nc6b4
8.Qd1a4 c6
9.Qa4xb4 a5
10.Qb4xb7 a4
11.Qb7xc6 Bg4d7
12.Qc6c1 Qd8a5
13.Nb1c3 a3
14.Bf4d2 Ra8b8
15.b3 e5
16.Nf3xe5 Bf8b4
17.Ne5xd7 Kxd7
18.Bf1e2 Rh8c8
19.Be2g4 Kd8
20.Bg4xc8 Rb8xc8
21.O-O Bb4xc3
22.Bd2xc3 Rc8xc3
23.Qc1g5 f6
24.Qg5xg7 Qa5b4
25.Qg7xf6 Qb4e7
26.Qf6xc3 Qe7xe4
27.d6 Qe4d5
28.Qc3c7 Ke8
29.Qc7e7 
1-0

[Event "Tourn. n8275"]
[Site "www.chess-mail.com"]
[Date "2015.07.20"]
[Round "1"]
[White "Iko"]
[Black "Ruko"]
[WhiteElo "1480"]
[BlackElo "1680"]
[Result "1-0"]
[Round "1"]
1.e4 e5
2.Ng1f3 Nb8c6
3.Bf1b5 a6
4.Bb5xc6 dxc6
5.O-O Bf8d6
6.b3 Ng8f6
7.Qd1e2 Bc8g4
8.Qe2c4 Bg4xf3
9.gxf3 O-O
10.a4 Nf6h5
11.Bc1a3 Qd8g5
12.Kh1 Nh5f4
13.Rf1g1 Qg5h5
14.Rg1g3 Ra8d8
15.Ba3xd6 cxd6
16.Nb1c3 d5
17.exd5 cxd5
18.Qc4c7 d4
19.Nc3e4 Nf4e2
20.Ne4f6 Kh8
21.Nf6xh5 Ne2xg3
22.Nh5xg3 Rd8c8
23.Qc7xe5 Rc8xc2
24.Ng3h5 Rf8g8
25.Qe5xd4 h6
26.Ra1g1 f6
27.Nh5xg7 Rg8xg7
28.Qd4xf6 Rc2c7
29.Rg1xg7 Rc7xg7
30.d4 Kh7
31.d5 Rg7g5
32.Qf6xg5 hxg5
33.d6 Kg6
34.d7 b5
35.axb5 axb5
36.d8Q b4
37.Qd8d6 Kf5
38.Qd6xb4 g4
39.Qb4xg4 Ke5
40.h4 Kf6
41.h5 Kf7
42.h6 Kf6
43.h7 Ke5
44.h8Q Kd5
45.Qg4e4 Kc5
46.b4 Kb5
47.Qh8b8 Ka4
48.Qe4b1 Ka3
49.Qb8a7 { resign }
1-0

[Event "Tourn. n8275"]
[Site "www.chess-mail.com"]
[Date "2015.07.20"]
[Round "1"]
[White "Iko"]
[Black "Fangshuo1"]
[WhiteElo "1480"]
[BlackElo "1499"]
[Result "0-1"]
[Round "1"]
1.e4 e6
2.e5 d5
3.d4 c5
4.Ng1f3 Nb8c6
5.c3 Qd8b6
6.Nb1a3 cxd4
7.cxd4 Bf8b4
8.Bc1d2 Nc6xd4
9.Qd1a4 Nd4c6
10.Bf1b5 Bb4xa3
11.Bb5xc6 bxc6
12.Qa4xa3 Bc8a6
13.Bd2b4 Ra8c8
14.Bb4a5 Qb6b5
15.Nf3d4 Qb5b7
16.Ra1c1 Ng8e7
17.b3 O-O
18.Ba5b4 Rf8e8
19.Kd2 Ne7f5
20.Nd4xf5 exf5
21.Rh1e1 Qb7b5
22.Rc1c5 Qb5d3
23.Kc1 Re8e6
24.Rc5c3 Qd3d4
25.Qa3xa6 Rc8b8
26.Rc3xc6 Re6xc6
27.Qa6xc6 Qd4xb4
28.Re1e3 d4
29.Re3d3 Qb4e1
30.Rd3d1 Qe1xe5
31.g3 Rb8d8
32.a4 f4
33.Qc6b7 d3
34.Rd1xd3 Qe5e1
35.Kc2 Qe1e2
36.Kc3 Qe2xd3
37.Kb4 fxg3
38.hxg3 Qd3d4
39.Ka3 Qd4xf2
40.Qb7c7 Qf2f6
41.a5 Qf6d6
42.Qc7xd6 Rd8xd6
43.Kb4 h5
44.Kc5 Rd6d1
45.b4 g5
46.Kb5 h4
47.Ka6 hxg3
48.Kxa7 Rd1b1
49.a6 Rb1xb4
50.Ka8 Rb4a4
51.a7 Ra4xa7
52.Kxa7 g2
53.Kb7 g1Q
54.Kc6 Qg1d4
55.Kc7 Kf8
56.Kc6 Ke7
57.Kc7 Qd4d6
58.Kb7 Kd7
59.Ka8 Kc7
60.Ka7 Qd6b6
61.Ka8 Qb6b7

0-1

[Event "Tourn. n8278"]
[Site "www.chess-mail.com"]
[Date "2015.07.20"]
[Round "1"]
[White "Guidom"]
[Black "Xkafi"]
[WhiteElo "2070"]
[BlackElo "1960"]
[Result "0-1"]
[Round "1"]
1.e4 e5
2.Ng1f3 Qd8f6
3.d3 h6
4.Nb1c3 c6
5.Bf1e2 Bf8c5
6.O-O d6
7.Bc1e3 Bc5b4
8.d4 Nb8d7
9.dxe5 Nd7xe5
10.Nf3xe5 dxe5
11.Qd1d3 Bc8e6
12.Rf1d1 Ng8e7
13.a3 Bb4a5
14.Be2f3 O-O
15.b4 Ba5c7
16.Qd3e2 Ne7g6
17.Nc3a4 Ng6f4
18.Be3xf4 exf4
19.Na4c5 Be6c8
20.Nc5d7 Bc8xd7
21.Rd1xd7 Qf6xa1
22.Rd7d1 Qa1xa3
{ resign }
0-1

[Event "Tourn. n8278"]
[Site "www.chess-mail.com"]
[Date "2015.07.20"]
[Round "1"]
[White "Fred"]
[Black "Guidom"]
[WhiteElo "1970"]
[BlackElo "2070"]
[Result "0-1"]
[Round "1"]
1.e4 e5
2.f4 exf4
3.Ng1f3 d5
4.e5 Bc8g4
5.d4 Bg4xf3
6.Qd1xf3 Qd8h4
7.Kd1 c6
8.Bc1xf4 Nb8d7
9.Bf1d3 Ng8e7
10.Nb1c3 Ne7g6
11.Bd3xg6 hxg6
12.Rh1f1 Qh4e7
13.Kd2 Qe7e6
14.Bf4g5 Bf8b4
15.Ra1e1 Rh8h5
16.Bg5f4 O-O-O
17.a3 Bb4a5
18.h3 c5
19.Kc1 cxd4
20.b4 Ba5b6
21.Nc3xd5 Nd7xe5
22.Nd5xb6 axb6
23.Bf4xe5 Rh5xe5
24.Re1xe5 Qe6xe5
25.Qf3xf7 Qe5e3
26.Kd1 d3
27.Qf7c4 Kb8
28.Qc4f4 Qe3xf4
29.Rf1xf4 dxc2
30.Kxc2 Rd8d7
31.Kc3 Kc7
32.Rf4g4 Rd7d6
33.b5 Rd6f6
34.Kc4 Kd7
35.a4 Kc7
36.Kd5 Kd7
37.Rg4h4 Rf6f5
38.Ke4 Rf5f7
39.Rh4f4 Rf7e7
40.Kd5 Kc7
41.g4 Kd7
42.h4 Kc7
43.h5 gxh5
44.gxh5 Kd7
45.Rf4g4 Kc7
46.Rg4g6 Re7f7
47.Ke6 Rf7d7
48.Kf5 Rd7d5
49.Ke6 Rd5xh5
50.Rg6xg7 Kb8
51.Kd7 Rh5h4
52.Rg7g8 Ka7
53.Rg8g7 Rh4xa4
54.Kc8 Ra4c4
55.Rg7c7 Rc4c5
56.Kd7 Rc5xb5
57.Rc7c4 Rb5d5
58.Kc7 Rd5c5
{ resign }
0-1

[Event "Tourn. n8278"]
[Site "www.chess-mail.com"]
[Date "2015.07.20"]
[Round "1"]
[White "Fred"]
[Black "Bojan"]
[WhiteElo "1970"]
[BlackElo "1890"]
[Result "1-0"]
[Round "1"]
1.e4 e5
2.f4 exf4
3.Ng1f3 d5
4.e5 g5
5.h3 Qd8e7
6.d4 Bf8h6
7.Bf1d3 Ng8f6
8.O-O Nf6h5
9.e6 Bc8xe6
10.Bc1d2 Nh5g3
11.Rf1e1 a6
12.Nb1c3 Nb8c6
13.Nc3xd5 Qe7d8
14.c4 Bh6g7
15.Bd2c3 h6
16.Qd1c2 Nc6a7
17.Nd5b4 Kf8
18.Ra1d1 a5
19.d5 Be6d7
20.Bc3xg7 Kxg7
21.Qc2c3 f6
22.Nb4c2 c6
23.d6 b6
24.Re1e7 Qd8xe7
25.dxe7 c5
26.Rd1e1 Ra8e8
27.Nf3d2 Na7c6
28.Nd2e4 Ng3xe4
29.Re1xe4 Nc6xe7
30.Nc2a3 Kf7
31.Re4e1 Rh8g8
32.Bd3e2 Kg6
33.Qc3b3 Ne7c8
34.Qb3d1 Re8d8
35.Be2h5 Kg7
36.Qd1d3 Kh8
37.Na3b5 Bd7xb5
38.Qd3f5 Bb5xc4
39.Qf5xf6 Kh7
40.b3 Bc4d3
41.Re1e6 Rd8f8
42.Qf6xh6 { resign }
1-0

[Event "Tourn. n8278"]
[Site "www.chess-mail.com"]
[Date "2015.07.20"]
[Round "1"]
[White "Bojan"]
[Black "Guidom"]
[WhiteElo "1890"]
[BlackElo "2070"]
[Result "1-0"]
[Round "1"]
1.e4 e5
2.Ng1f3 Nb8c6
3.Bf1b5 a6
4.Bb5xc6 dxc6
5.h3 Bf8d6
6.d4 exd4
7.Qd1xd4 c5
8.Qd4xg7 Qd8f6
9.Qg7xf6 Ng8xf6
10.e5 Nf6d5
11.exd6 cxd6
12.a3 Bc8f5
13.c4 Nd5b6
14.b3 O-O-O
15.O-O Rh8g8
16.g4 h5
17.Nf3h4 Bf5xb1
18.Ra1xb1 hxg4
19.Kh2 Rg8h8
20.Kg3 gxh3
21.Kxh3 Rh8h7
22.Bc1b2 Nb6d7
23.f4 f6
24.Rf1h1 Rd8e8
25.Rb1g1 Re8e2
26.Bb2c1 Re2c2
27.Rg1g3 Kc7
28.b4 Rc2xc4
29.bxc5 Nd7xc5
30.Rg3f3 Nc5e4
31.Kg4 Rc4c5
32.f5 Rc5c4
33.Bc1f4 Kc6
34.Rh1d1 d5
35.Rf3f1 b5
36.Nh4g2 Rc4c3
37.Ng2e3 Rh7g7
38.Kf3 a5
39.Rd1c1 d4
40.Kxe4 b4
41.axb4 axb4
42.Kxd4 Rg7d7
43.Ke4 Kb5
44.Rc1xc3 bxc3
45.Ne3d5 c2
46.Rf1c1 Rd7a7
47.Rc1xc2 Ra7a4
48.Kf3 Ra4a3
49.Kg4 Ra3a7
50.Nd5xf6 Ra7f7
51.Nf6h5 Kb6
52.f6 Rf7f8
53.Kg5 Rf8g8
54.Nh5g7 Kb7
55.Kg6 { resign }
1-0

[Event "Tourn. n8174"]
[Site "www.chess-mail.com"]
[Date "2015.07.20"]
[Round "1"]
[White "Gambitchess"]
[Black "Duff"]
[WhiteElo "1760"]
[BlackElo "1830"]
[Result "1-0"]
[Round "1"]
1.e4 e5
2.Ng1f3 Nb8c6
3.Bf1b5 a6
4.Bb5xc6 dxc6
5.d4 exd4
6.Qd1xd4 Bc8e6
7.Qd4xd8 Ra8xd8
8.Nb1c3 Ng8f6
9.Bc1g5 Bf8e7
10.Nf3d2 O-O
11.f3 h6
12.Bg5e3 Be7b4
13.Nc3e2 Be6c4
14.c3 Bc4xe2
15.Kxe2 Bb4a5
16.Nd2c4 Ba5b6
17.Be3xb6 cxb6
18.Nc4xb6 Nf6d7
19.Nb6xd7 Rd8xd7
20.Ra1d1 Rf8d8
21.Rd1xd7 Rd8xd7
22.Rh1d1 Rd7xd1
23.Kxd1  { time }
1-0

[Event "Tourn. n8236"]
[Site "www.chess-mail.com"]
[Date "2015.07.20"]
[Round "1"]
[White "Pipas"]
[Black "Oliverio"]
[WhiteElo "1670"]
[BlackElo "1770"]
[Result "1-0"]
[Round "1"]
1.e4 e5
2.Bf1c4 Ng8f6
3.Ng1f3 Nb8c6
4.d4 exd4
5.Nf3xd4 Bf8c5
6.c3 O-O
7.Nd4xc6 dxc6
8.Qd1xd8 Rf8xd8
9.Bc1g5  { time }
1-0

[Event "Tourn. n8257"]
[Site "www.chess-mail.com"]
[Date "2015.07.20"]
[Round "1"]
[White "Guidom"]
[Black "Fangshuo"]
[WhiteElo "2070"]
[BlackElo "2050"]
[Result "1-0"]
[Round "1"]
1.e4 e6
2.d4 d5
3.exd5 exd5
4.Bc1f4 Bf8b4
5.c3 Bb4d6
6.Qd1e2 Bc8e6
7.Bf4g3 Ng8f6
8.Qe2b5 Nb8d7
9.Qb5xb7 Ra8b8
10.Qb7xa7 Bd6xg3
11.hxg3 Rb8xb2
12.Bf1d3 Nf6g4
13.Ng1e2 O-O
14.Bd3xh7 Kh8
15.Bh7d3 Ng4h6
16.O-O Qd8b8
17.Qa7xb8 Rf8xb8
18.Rf1e1 c5
19.Ne2f4 c4
20.Bd3f1 Be6f5
21.Nb1a3 Rb8a8
22.Na3b1 Nd7f6
23.a4 Nh6g4
24.f3 Ng4h6
25.g4 g5
26.Nf4h3 Bf5xb1
27.Re1xb1 Rb2xb1
28.Ra1xb1 Nf6h7
29.Rb1b4 Nh6g8
30.Bf1e2 f6
31.Be2d1 Kg7
32.Bd1c2 Ng8e7
33.Rb4b7 Ra8e8
34.a5 Nh7f8
35.Bc2a4 { resign }
1-0

[Event "Tourn. n8257"]
[Site "www.chess-mail.com"]
[Date "2015.07.20"]
[Round "1"]
[White "Fangshuo"]
[Black "Samael"]
[WhiteElo "2050"]
[BlackElo "2160"]
[Result "1-0"]
[Round "1"]
1.e4 e5
2.Ng1f3 d6
3.Bf1c4 h6
4.d4 exd4
5.Nf3xd4 Ng8f6
6.Nb1c3 Bc8d7
7.O-O Bf8e7
8.f4 O-O
9.b3 Nb8c6
10.Nd4f3 Rf8e8
11.Bc1b2 Bd7e6
12.Bc4xe6 fxe6
13.f5 exf5
14.exf5 Nf6h7
15.Nc3d5 Ra8c8
16.Nd5xe7 Nc6xe7
17.Nf3h4 Ne7c6
18.Qd1d5 { resign }
1-0

[Event "Tourn. n8257"]
[Site "www.chess-mail.com"]
[Date "2015.07.20"]
[Round "1"]
[White "Averoes"]
[Black "Fangshuo"]
[WhiteElo "2180"]
[BlackElo "2050"]
[Result "1-0"]
[Round "1"]
1.d4 c5
2.Ng1f3 d5
3.c4 e6
4.g3 Nb8c6
5.Bf1g2 Qd8b6
6.dxc5 Bf8xc5
7.O-O d4
8.a3 e5
9.b4 Bc5e7
10.e3 Be7f6
11.c5 Qb6c7
12.exd4 exd4
13.Bc1b2 Bc8g4
14.Nb1d2 Ng8e7
15.Nd2b3 Ra8d8
16.Ra1c1 O-O
17.h3 Bg4e6
18.Nb3xd4 Ne7f5
19.Nd4xe6 Rd8xd1
20.Ne6xc7 Rd1xf1
21.Rc1xf1 Bf6xb2
22.Rf1b1 Bb2xa3
23.Nc7d5 Rf8d8
24.Nf3d2 Nc6d4
25.Nd2c4 Nd4c2
26.Nc4xa3 Nc2xa3
27.Rb1a1 Na3b5
28.g4 Nf5d4
29.Nd5e3 Rd8d7
30.Ne3c4 Rd7c7
31.Ra1e1 Kf8
32.Re1e5 f6
33.Re5d5 Ke7
34.Nc4d6 Nd4c2
35.Nd6xb5 { resign }
1-0

[Event "Tourn. n8079"]
[Site "www.chess-mail.com"]
[Date "2015.07.20"]
[Round "1"]
[White "Falcoale"]
[Black "Sorren"]
[WhiteElo "1860"]
[BlackElo "1840"]
[Result "1-0"]
[Round "1"]
1.e4 e5
2.Ng1f3 Nb8c6
3.Bf1c4 Bf8c5
4.d3 Ng8f6
5.O-O d6
6.Bc1g5 O-O
7.Nb1c3 h6
8.Bg5h4 Bc8g4
9.h3 Bg4h5
10.Nc3d5 g5
11.Bh4g3 Nc6d4
12.c3 Nd4xf3
13.gxf3 Nf6xd5
14.Bc4xd5 c6
15.Bd5b3 Qd8f6
16.Qd1e1 Qf6xf3
17.Kh2 Qf3xd3
18.Ra1c1 Bh5g6
19.Bb3c2 Qd3f3
20.Bc2d1 Qf3xe4
21.Qe1xe4 Bg6xe4
22.f3 Be4g6
23.b4 Bc5e3
24.Rc1a1 f5
25.Kg2 f4
26.Bg3f2 Be3xf2
27.Rf1xf2 e4
28.fxe4  { time }
1-0

[Event "Tourn. n8202"]
[Site "www.chess-mail.com"]
[Date "2015.07.20"]
[Round "1"]
[White "Anja"]
[Black "Azulmarino"]
[WhiteElo "1680"]
[BlackElo "1550"]
[Result "0-1"]
[Round "1"]
1.d4 d5
2.Ng1f3 Bc8f5
3.Bc1f4 e6
4.e3 Bf8d6
5.Bf4g3 Bf5g4
6.Bf1e2 Ng8f6
7.Nb1d2 Nb8c6
8.O-O Bd6xg3
9.fxg3 Nf6e4
10.Nf3e5 Bg4xe2
11.Qd1xe2 Ne4f6
12.c3 Qd8e7
13.Nd2f3 Nc6xe5
14.Nf3xe5 O-O
15.c4 Nf6e4
16.c5 c6
17.Rf1f3 f6
18.Ne5d3 Ra8c8
19.Nd3f2 Ne4g5
20.Rf3f4 e5
21.Rf4h4 e4
22.Nf2h3 Ng5xh3
23.Rh4xh3 h6
24.Qe2g4 Qe7f7
25.Rh3xh6 Rf8e8
26.Ra1f1 Qf7e6
27.Qg4g6 Qe6f7
 { time }
0-1

[Event "Tourn. n8097"]
[Site "www.chess-mail.com"]
[Date "2015.07.20"]
[Round "1"]
[White "F14"]
[Black "Powerchess"]
[WhiteElo "1599"]
[BlackElo "1380"]
[Result "1-0"]
[Round "1"]
1.e4 e5
2.Ng1f3 Ng8f6
3.Nb1c3 Nb8c6
4.Bf1b5 Nc6d4
5.Nf3xd4 exd4
6.Nc3e2 c6
7.Bb5d3 d5
8.exd5 Qd8xd5
9.O-O Bf8e7
10.Ne2f4 Qd5d8
11.Rf1e1 O-O
12.c3 Be7d6
13.Qd1f3 Bc8g4
14.Qf3g3 Qd8c7
15.Bd3xh7 Kxh7
16.d3 g5
17.f3 Bd6xf4
18.Bc1xf4 gxf4
19.Qg3h4 Bg4h5
20.Qh4xf6 Bh5g6
21.Re1e7 Qc7d8
22.cxd4 Rf8e8
23.Ra1e1 Re8xe7
24.Qf6h4 Kg7
25.Re1xe7 Qd8xd4
26.Qh4f2 Qd4xf2
27.Kxf2 Ra8b8
28.Re7d7 Kf8
29.g3 fxg3
30.hxg3 Ke8
31.Rd7d4 Rb8d8
32.Ke3 Rd8xd4
33.Kxd4 Kd7
34.b4 Kd6
35.a4 b6
36.g4 f6
37.f4 c5
38.bxc5 bxc5
39.Kc3 Bg6f7
40.g5 fxg5
41.fxg5 Bf7g6
42.d4 cxd4
43.Kxd4 a5
44.Kc4 Kc6
45.Kd4 Bg6c2
46.Kc4 Bc2g6
47.Kd4 Bg6c2
48.Kc4 Bc2xa4
49.g6 Ba4d1
50.g7 Bd1e2
51.Kc3 { resign }
1-0

[Event "Tourn. n8106"]
[Site "www.chess-mail.com"]
[Date "2015.07.20"]
[Round "1"]
[White "Pgcbies"]
[Black "Asoka"]
[WhiteElo "2740"]
[BlackElo "2590"]
[Result "1-0"]
[Round "1"]
1.e4 c5
2.Ng1f3 e6
3.b3 Nb8c6
4.Bf1b5 Ng8e7
5.O-O a6
6.Bb5xc6 Ne7xc6
7.Bc1b2 b5
8.Nb1a3 f6
9.c4 Qd8a5
10.Nf3h4 Kf7
11.f4 Bc8b7
12.Na3c2 Kg8
13.f5 h5
14.Qd1f3 Qa5c7
15.Qf3h3 e5
16.Nc2e3 Nc6d4
17.Nh4g6 Rh8h7
18.d3 Bf8d6
19.Qh3h4 b4
20.Ne3d5 Bb7xd5
21.exd5 a5
22.g3 Nd4e2
23.Kg2 a4
24.a3 Ne2c3
25.axb4 cxb4
26.Bb2xc3 bxc3
27.Qh4e4 Qc7b6
28.bxa4 Qb6b2
29.Kh1 Qb2b4
30.Rf1b1 Ra8xa4
31.c5 Qb4xe4
32.dxe4 Ra4xa1
33.Rb1xa1 Bd6xc5
34.Ra1a8 Kf7
35.Ra8c8 Bc5b4
36.Rc8d8 Rh7h6
37.Rd8xd7 Ke8
38.Rd7c7 Bb4a5
39.Rc7c5 Ba5b4
40.Rc5c6 Bb4a5
41.Kg2 Kf7
42.Kf2 Rh6xg6
43.fxg6 Kxg6
44.Ke3 Kf7
45.Kd3 g6
46.Rc6a6 { resign }
1-0

[Event "Tourn. n8272"]
[Site "www.chess-mail.com"]
[Date "2015.07.20"]
[Round "1"]
[White "George1955"]
[Black "Jpmartinez"]
[WhiteElo "2670"]
[BlackElo "2590"]
[Result "1-0"]
[Round "1"]
1.e4 c5
2.Ng1f3 Nb8c6
3.d4 cxd4
4.Nf3xd4 g6
5.c4 Ng8f6
6.Nb1c3 d6
7.Bf1e2 Nc6xd4
8.Qd1xd4 Bf8g7
9.Bc1e3 O-O
10.Qd4d3 Bc8e6
11.Be3d4 Nf6d7
12.O-O { resign }
1-0

[Event "Tourn. n8155"]
[Site "www.chess-mail.com"]
[Date "2015.07.20"]
[Round "1"]
[White "Numanoid"]
[Black "Karousek"]
[WhiteElo "2600"]
[BlackElo "2280"]
[Result "1-0"]
[Round "1"]
1.e4 c5
2.Ng1f3 e6
3.d4 cxd4
4.Nf3xd4 Nb8c6
5.Nb1c3 Qd8c7
6.Bc1e3 a6
7.Qd1d2 Ng8f6
8.O-O-O Bf8e7
9.f3 h5
10.Qd2f2 d6
11.h3 b5
12.Nd4xc6 Qc7xc6
13.Bf1d3 h4
14.Kb1 b4
15.Nc3e2 e5
16.Qf2e1 a5
17.Be3f2 Nf6d7
18.g3 hxg3
19.Bf2xg3 Ra8b8
20.f4 a4
21.Ne2c1 Nd7f8
22.fxe5  { time }
1-0

[Event "Tourn. n8272"]
[Site "www.chess-mail.com"]
[Date "2015.07.20"]
[Round "1"]
[White "Seger"]
[Black "Yangqi"]
[WhiteElo "2690"]
[BlackElo "2350"]
[Result "1/2-1/2"]
[Round "1"]
1.e4 e5
2.c4 Ng8f6
3.Nb1c3 Bf8c5
4.Bf1e2 O-O
5.Ng1f3 d6
6.O-O Nb8c6
7.d3 h6
8.Bc1e3 Rf8e8
9.a3 a5
10.h3 Nc6d4
11.Be3xd4 exd4
12.Nc3b5 Nf6h5
13.Qd1d2 c6
14.Nb5xd4 Qd8f6
15.Nd4c2 Nh5f4
16.Kh1 a4
17.Nc2e3 Bc5b6
18.Ra1b1 Qf6g6
19.Rf1g1 Bb6a5
20.Qd2d1 Ba5b6
21.Qd1d2 Bb6a5
22.Qd2d1 Ba5b6
23.Qd1d2 Bb6a5
{ draw }
1/2-1/2

[Event "Tourn. n8231"]
[Site "www.chess-mail.com"]
[Date "2015.07.20"]
[Round "1"]
[White "Feli"]
[Black "Bojan"]
[WhiteElo "1969"]
[BlackElo "1920"]
[Result "0-1"]
[Round "1"]
1.e4 e5
2.Ng1f3 d6
3.d4 exd4
4.Nf3xd4 Qd8e7
5.Nb1c3 Bc8d7
6.Bf1c4 a6
7.a4 Nb8c6
 { time }
0-1

[Event "Tourn. n8247"]
[Site "www.chess-mail.com"]
[Date "2015.07.20"]
[Round "1"]
[White "Boyc"]
[Black "Azulmarino"]
[WhiteElo "1669"]
[BlackElo "1570"]
[Result "0-1"]
[Round "1"]
1.e4 e5
2.Ng1f3 Nb8c6
3.Bf1b5 Bf8c5
4.O-O h6
5.c3 Ng8f6
6.d4 exd4
7.cxd4 Bc5b6
8.Nb1c3 O-O
9.e5 Nf6g4
10.h3 Ng4xe5
11.dxe5 d6
12.exd6 Bc8d7
13.Bc1f4 a6
14.Bb5c4 cxd6
 { time }
0-1

[Event "Tourn. n8070"]
[Site "www.chess-mail.com"]
[Date "2015.07.20"]
[Round "1"]
[White "Emmanuelasi"]
[Black "Tartan"]
[WhiteElo "2250"]
[BlackElo "2360"]
[Result "1/2-1/2"]
[Round "1"]
1.e4 c5
2.d4 cxd4
3.c3 dxc3
4.Nb1xc3 Nb8c6
5.Ng1f3 d6
6.Bf1c4 e6
7.O-O Bf8e7
8.Qd1e2 a6
9.Rf1d1 Bc8d7
10.Bc1f4 e5
11.Bf4e3 Ng8f6
12.h3 O-O
13.a3 Ra8c8
14.Ra1c1 Nc6a5
15.Bc4a2 Bd7e6
16.Ba2xe6 fxe6
17.Nf3xe5 Na5b3
18.Rc1c2 b5
19.Ne5f3 Nf6d7
20.Nf3d4 Nb3xd4
21.Be3xd4 Qd8e8
22.Qe2g4 Qe8f7
23.Rd1d3 Be7f6
24.Bd4xf6 Nd7xf6
25.Qg4e2 d5
26.Rc2d2 Rc8e8
27.Rd3f3 Qf7b7
28.e5 Nf6d7
29.Rf3xf8 Re8xf8
30.g3 Nd7b6
31.b3 Nb6d7
32.h4 Qb7c7
33.Nc3xd5 exd5
34.Rd2xd5 Rf8e8
35.f4 Nd7b6
36.Rd5d3 Qc7c1
37.Kh2 Qc1xa3
38.Qe2f2 Nb6c8
39.Qf2d4 Qa3e7
40.Qd4d5 Qe7f7
41.Qd5c6 Qf7g6
42.Qc6d5 Qg6f7
{ draw }
1/2-1/2